NHL Team Logo Silhouettes - Statistics

General Stats
  • This quiz has been taken 249 times
  • The average score is 14 of 16
Answer Stats
Picture Answer % Correct
Toronto Maple Leafs
100%
Detroit Red Wings
98%
Chicago Blackhawks
96%
Dallas Stars
95%
Philadelphia Flyers
95%
Pittsburgh Penguins
93%
Calgary Flames
91%
Minnesota Wild
91%
Montreal Canadiens
89%
St Louis Blues
85%
Carolina Hurricanes
84%
New Jersey Devils
83%
Seattle Kraken
83%
Vancouver Canucks
83%
Anaheim Ducks
82%
Ottawa Senators
79%
No matching quizzes found
Score Distribution
Percent of People with Each Score
Percentile by Number Answered
Your Score History
You have not taken this quiz